Heroes who made history, (Record no. 70226)
[ view plain ]
| 000 -LEADER | |
|---|---|
| fixed length control field | 00601cam a22002291 4500 |
| 001 - CONTROL NUMBER | |
| control field | sa 66005970 |
| 003 - CONTROL NUMBER IDENTIFIER | |
| control field | DLC |
| 005 - DATE AND TIME OF LATEST TRANSACTION | |
| control field | 20260227112252.0 |
| 008 - FIXED-LENGTH DATA ELEMENTS--GENERAL INFORMATION | |
| fixed length control field | 820918s1965 ii 000 0ceng |
| 010 ## - LIBRARY OF CONGRESS CONTROL NUMBER | |
| LC control number | sa 66005970 |
| 035 ## - SYSTEM CONTROL NUMBER | |
| System control number | (OCoLC)8786528 |
| 040 ## - CATALOGING SOURCE | |
| Original cataloging agency | DLC |
| Transcribing agency | MoU |
| Modifying agency | DLC |
| 042 ## - AUTHENTICATION CODE | |
| Authentication code | premarc |
| 050 00 - LIBRARY OF CONGRESS CALL NUMBER | |
| Classification number | DS434 |
| Item number | .K8 1965 |
| 100 1# - MAIN ENTRY--PERSONAL NAME | |
| Personal name | Kulkarni, V. B. |
| 245 10 - TITLE STATEMENT | |
| Title | Heroes who made history, |
| Statement of responsibility, etc. | by V.B. Kulkarni. |
| 250 ## - EDITION STATEMENT | |
| Edition statement | [2d ed.] |
| 260 ## - PUBLICATION, DISTRIBUTION, ETC. | |
| Place of publication, distribution, etc. | Bombay, |
| Name of publisher, distributor, etc. | Bharatiya Vidya Bhavan, |
| Date of publication, distribution, etc. | 1965. |
| 300 ## - PHYSICAL DESCRIPTION | |
| Extent | 211 p. |
| 440 #0 - SERIES STATEMENT/ADDED ENTRY--TITLE | |
| Title | Bhavan's book university, |
| Volume/sequential designation | 130 |
| 651 #0 - SUBJECT ADDED ENTRY--GEOGRAPHIC NAME | |
| Geographic name | India |
| Form subdivision | Biography. |
No items available.